Gospodarka zywnosciowa

Saved in:
Bibliographic Details
Format: Book
Language:Polish
Published: Wroclaw Akademia Ekon. im. Oskara Langego 1985
Edition:1. wyd.
Series:Prace naukowe
Tags: Add Tag
No Tags, Be the first to tag this record!

MARC

LEADER 00000nam a2200000 4500
001 c031941
005 20221220075428.1
041 0 |a pol 
044 |a PL 
245 1 0 |a Gospodarka zywnosciowa 
250 |a 1. wyd. 
264 1 |a Wroclaw  |b Akademia Ekon. im. Oskara Langego  |c 1985 
300 |a 215 s. 
490 1 |a Prace naukowe 
830 0 |a Prace naukowe